| 000 | 00615 a2200217 4500 | ||
|---|---|---|---|
| 003 | Nust | ||
| 005 | 20170207153130.0 | ||
| 010 | _a 2004046657 | ||
| 020 | _a8178088355 | ||
| 040 | _cNust | ||
| 082 | 0 | 0 | _a621.381 |
| 100 | 1 | _aFloyd, Thomas L. | |
| 245 | 1 | 0 |
_aElectronic devices / (Include CD) _cThomas L. Floyd. |
| 250 | _a7th ed. | ||
| 260 |
_aNew Jersey : _bPearson/Prentice Hall, _cc2005. |
||
| 300 |
_axviii, 973 p. : _bill. ; _c29 cm. + _e1 CD-ROM (4 3/4 in.) |
||
| 500 | _aIncludes index. | ||
| 650 | 0 | _aElectronic apparatus and appliances. | |
| 650 | 0 | _aSolid state electronics. | |
| 651 | _a(Include CD) | ||
| 942 |
_2ddc _cBK |
||
| 999 |
_c179588 _d179588 |
||